La Plástica del vigor físico /
Colección:
San Jorge,
; núm. 21 (gener 1956), pàg 28-30
Materias:
Esports -- Aspectes antropològics
Idioma:
Español
MARC
| LEADER | 00000naa a2200000 a 4500 | ||
|---|---|---|---|
| 003 | Arxiu | ||
| 005 | 20260324181033.0 | ||
| 008 | 160829s1956 spcaxx s spa c | ||
| 040 | |a AGDB | ||
| 100 | 1 | |a Puig, Arnau, |d 1926-2020 |9 29563 | |
| 245 | 1 | 3 | |a La Plástica del vigor físico / |c por Arnaldo Puig |
| 490 | |a San Jorge, |v núm. 21 (gener 1956), pàg 28-30 | ||
| 650 | |a Esports |x Aspectes antropològics |9 29564 | ||
| 773 | |g Núm. 21 (gener 1956), pàg 28-30 |t San Jorge. | ||
| 901 | |a Arxiu | ||
| 942 | |n 1 |2 udc |c ART | ||
| 952 | |0 0 |1 0 |4 0 |6 REV511 |7 1 |9 65461 |a Arxiu |b Arxiu |d 2023-03-06 |l 0 |o Rev-511 |r 2023-03-06 00:00:00 |w 2023-03-06 |y ARXIU |z També disponible a Rev-525 | ||
| 999 | |c 48011 |d 48011 | ||